SUKHAN-E-DILL NAWAZ (Record no. 575085)

000 -LEADER
fixed length control field 00241nam a22001097a 4500
082 ## - DEWEY DECIMAL CLASSIFICATION NUMBER
Classification number 891.4391 DIL'S
100 ## - MAIN ENTRY--PERSONAL NAME
Personal name DILL, DILL NAWAZ
9 (RLIN) 67265
245 ## - TITLE STATEMENT
Title SUKHAN-E-DILL NAWAZ
260 ## - PUBLICATION, DISTRIBUTION, ETC.
Place of publication, distribution, etc. LAHORE
Name of publisher, distributor, etc. ALBOOK
Date of publication, distribution, etc. 1993
300 ## - PHYSICAL DESCRIPTION
Extent 191P
942 ## - ADDED ENTRY ELEMENTS (KOHA)
Koha item type Book
Holdings
Withdrawn status Lost status Source of classification or shelving scheme Damaged status Not for loan Permanent Location Current Location Shelving location Date acquired Shelving control number Full call number Barcode Date last seen Price effective from Koha item type Public note
          College of Electrical & Mechanical Engineering (CEME) College of Electrical & Mechanical Engineering (CEME) Fiction 08/01/2017 Urdu Literature 891.4391 DIL'S CEME-27874 06/28/2021 06/28/2021 Book 1.0
© 2023 Central Library, National University of Sciences and Technology. All Rights Reserved.